00819nam a22001817a 4500003000900000008004100009020002200050040007100072082001700143100002300160245013800183260004800321300004400369505017200413650001400585650002400599650001400623AR-CdUCM190325b ||||| |||| 00| 0 spa d a978-987-26983-0-0 aMUNICIPALIDAD PROVINCIAL DEL CUSCOcBIBLIOTECA MUNICIPAL DEL CUSCO a920 / bL947 aLudueña, Edgardo aLa casa de los Ameghino Monumento histórico nacional :bEn el centenario de fallecimiento del Dr. Florentino Ameghino (1911-2011) / aArgentina :bLa Gráfica ediciones,c2011. a176 páginas ;bFotografías,c23 cm. aContenido: Florentino, Juan Carlos, indiscutidos sabios nacidos en Luján -- La casa de los ameghino desde 1911 -- Ascensión María Catalina Merello de Ameghino... aBiografia aMonumento historico aArgentina